000 00500nam a2200193Ia 4500
005 20250508163348.0
008 008 250505s9999 xx 000 0 eng d
037 _aTextual
040 _aFEDL
_beng
_cFEDL
041 _aeng
_2eng
084 _a301, CAR
_qFEDL
100 _aCarr Edward Hallett
245 0 _aNew society
260 _aLondon, UK
_bMacmillan and Co. Ltd.
_c1957
300 _a118p.
650 _aSociology
942 _cTEXL
_h301, CAR
999 _c1382567
_d1382567